000 00731nam a22002297a 4500
005 20170124110242.0
010 _aA-953743
020 _c00.00
035 _aA-953743
037 _bCen Lib/Ret
040 _aDPL
_bEN
082 _a239.1
_bTAL
110 _bRadha Soami Satsang Beas
_995824
245 _aTales of the mystic east :
_cby Radha Soami Satsang Beas
_b an anthology of mystic and moral tales taken from the teachings of the Saints /
250 _a9th ed
260 _aPunjab
_bRadha Soami Satsang Beas
_c1997
300 _axviii,300p.
_c21cm(Hb)
500 _aIncludes index
650 _aRadhasoami Satsang.
_995825
650 _aMysticism -- India.
_995826
942 _2ddc
_cEN
_h239.1
_mTAL
999 _c135277
_d135277